| 000 -LEADER |
| fixed length control field |
01016nam a2200217Ia 4500 |
| 003 - CONTROL NUMBER IDENTIFIER |
| control field |
OSt |
| 005 - DATE AND TIME OF LATEST TRANSACTION |
| control field |
20250218094941.0 |
| 007 - PHYSICAL DESCRIPTION FIXED FIELD--GENERAL INFORMATION |
| fixed length control field |
ca aa aaaaa |
| 008 - FIXED-LENGTH DATA ELEMENTS--GENERAL INFORMATION |
| fixed length control field |
201103s9999 xx 000 0 und d |
| 040 ## - CATALOGING SOURCE |
| Transcribing agency |
SSBUL |
| 041 ## - LANGUAGE CODE |
| Language code of text/sound track or separate title |
bur |
| 082 ## - DEWEY DECIMAL CLASSIFICATION NUMBER |
| Classification number |
၂၉၄.၃၄၃၅၀၉ |
| Edition number |
၂၃ |
| Item number |
သာ |
| 100 ## - MAIN ENTRY--PERSONAL NAME |
| Personal name |
သာနိုင်အောင်(ကျိုက်မရော) |
| 9 (RLIN) |
15679 |
| 245 #0 - TITLE STATEMENT |
| Title |
ကျိုက်မရောမြို့ထင်ပေါ်ကျော်ကြားဆုတောင်းပြည့်မြတ်စွာဘုရားသမိုင်း / |
| Statement of responsibility, etc. |
သာနိုင်အောင်(ကျိုက်မရော) ။ |
| 250 ## - EDITION STATEMENT |
| Edition statement |
ဒုတိယအ ကြိမ် ။ |
| 260 ## - PUBLICATION, DISTRIBUTION, ETC. |
| Place of publication, distribution, etc. |
ရန်ကုန် ၊ |
| Name of publisher, distributor, etc. |
ဗိုလ်မှူးကြီးသာအောင် ၊ |
| Date of publication, distribution, etc. |
၂၀၀၉ ။ |
| 300 ## - PHYSICAL DESCRIPTION |
| Extent |
၁၀၀ စာမျက်နှာ ၊ |
| Other physical details |
မြေပုံ ၊ |
| Dimensions |
၂၁ စင်တီ ။ဘု |
| 942 ## - ADDED ENTRY ELEMENTS (KOHA) |
| Koha item type |
Books (Long term) |
| Source of classification or shelving scheme |
|
|
| Source of classification or shelving scheme |
|
|
| Source of classification or shelving scheme |
|